00000000nam##2200000za#4500
0019.661464
003CaOODSP
00520210615120117
007ta
008150407|1999||||xxc|||||     f|0| 0 fre|d
020 |a0-662-64622-3
040 |aCaOODSP|bfre
041 |aeng
041 |afre
043 |an-cn---
0861 |aP35-120/1999
1101 |aCanada. |bTravaux publics et services gouvernementaux Canada.
24510|aAccessibilité: l'obligation d'accommoder
260 |aOttawa - Ontario : |bTravaux publics et Services gouvernementaux Canada |c1999.
300 |aTexte français, 6p. ; |c23 cm.
546 |aBilingue
563 |aCouverture souple
590 |a01-06|b2001-02-09
69107|aAccessibilité (pour personne handicapée)|2gcpds
69107|aPolitique gouvernementale|2gcpds
7760#|tAccessibilité : |w(CaOODSP)9.642086
7760#|tEnsuring access : |w(CaOODSP)9.698091
791 |tEnsuring access: the duty to accommodate |eeng|w(CaOODSP)9.661463